[Event "Let's Play Chess!"]
[Site "http://www.queenalice.com/game.php?id=944274"]
[Date "2011.5.30"]
[Round "-"]
[White "gduarte"]
[Black "AnandaS"]
[Result "1-0"]
[WhiteElo "1497"]
[BlackElo "1162"]

1. e4 d5 2. d3 d4 3. h3 a5 4. Nf3 Nc6 5. c3 dxc3 6. Nxc3 e5 7. Be2 h5 8. Nd5 Nb4
9. Nxe5 Nxd5 10. exd5 Qxd5 11. Qa4+ c6 12. Qf4 Nf6 13. Bf3 Qe6 14. O-O Bd6 15.
d4 h4 16. Rd1 1-0

[Event "Let's Play Chess!"]
[Site "http://www.queenalice.com/game.php?id=944299"]
[Date "2011.5.30"]
[Round "-"]
[White "igorjava"]
[Black "gduarte"]
[Result "1-0"]
[WhiteElo "1965"]
[BlackElo "1486"]

1. e4 e5 2. f4 a6 3. Nf3 d6 4. Bc4 Nf6 5. Nc3 b5 6. Bb3 h6 7. fxe5 dxe5 8. Nxe5
Bd6 9. Nxf7 Qe7 10. O-O Rf8 11. Nxd6+ Qxd6 12. d4 Bg4 13. Qd3 Qe7 14. e5 Nh5 15.
Qg6+ Kd8 16. Qxg4 Qe8 17. Rxf8 Qxf8 18. Qxh5 g5 19. Qf7 Nd7 20. e6 Qe7 21. exd7
1-0

[Event "Challenge"]
[Site "http://www.queenalice.com/game.php?id=944974"]
[Date "2011.6.1"]
[Round "-"]
[White "gabriellima"]
[Black "gduarte"]
[Result "1-0"]
[WhiteElo "1491"]
[BlackElo "1503"]

1. e4 e5 2. Nf3 f6 3. c3 a6 4. Bc4 Nh6 5. d3 d6 6. h3 Nc6 7. d4 b5 8. Bb3 Nf7 9.
Bxf7+ Kxf7 10. Ng1 h6 11. Qh5+ Ke7 12. Qd1 Qe8 13. Nf3 Qf7 14. O-O Ke8 15. Re1
Bb7 16. Nbd2 Be7 17. Nb3 Rd8 18. d5 Na7 19. Be3 Nc8 20. Rc1 c5 21. Na5 Ba8 22.
a3 Nb6 23. b4 Na4 24. Qd2 Rc8 25. Re2 Bd8 26. Nh4 Nb6 27. Nf5 Bc7 28. bxc5 Na4
29. cxd6 Bxa5 30. f4 Nxc3 31. Ree1 Kd7 32. fxe5 fxe5 33. Rf1 Rc4 34. Ng3 Rhc8
35. Rxf7+ Kxd6 36. Nf5# 1-0

[Event "Challenge"]
[Site "http://www.queenalice.com/game.php?id=945811"]
[Date "2011.6.3"]
[Round "-"]
[White "gduarte"]
[Black "Admilton"]
[Result "0-1"]
[WhiteElo "1509"]
[BlackElo "1606"]

1. e4 d6 2. h3 e5 3. d3 h6 4. Nc3 c6 5. Be3 Be6 6. a3 a6 7. Na4 Qa5+ 8. Nc3 d5
9. b4 Qc7 10. Be2 d4 11. Nd5 cxd5 12. Bd2 Nf6 13. Nf3 dxe4 14. Nxd4 exd4 15. O-O
Qe5 16. f4 Qf5 17. Bg4 Qd5 18. c4 Qc6 19. Qe2 exd3 20. Qxd3 Bxc4 21. Rfe1+ Be7
22. Qe3 dxe3 23. Bxe3 Qe4 24. Bf3 Qxf3 25. gxf3 Nd5 26. Rad1 Nd7 27. Rd4 Bh4 28.
Bf2+ Be7 29. Rxc4 O-O 30. Rd4 N7f6 31. f5 Rfe8 32. Bg3 Rad8 33. Re2 Kf8 34. Rg2
Rc8 35. Be5 Bd8 36. Bd6+ Kg8 37. Bf4 Bb6 38. Bxh6 Bxd4+ 39. Kh2 Be5+ 40. f4
Bxf4+ 0-1

[Event "Challenge"]
[Site "http://www.queenalice.com/game.php?id=946315"]
[Date "2011.6.5"]
[Round "-"]
[White "WAGNETTO"]
[Black "gduarte"]
[Result "1-0"]
[WhiteElo "1519"]
[BlackElo "1501"]

1. e4 e5 2. Nf3 d6 3. Bc4 Nf6 4. Ng5 d5 5. exd5 h6 6. Nf3 Bd6 7. d4 Ne4 8. dxe5
Bc5 9. Be3 Bb4+ 10. Nc3 Bxc3+ 11. bxc3 O-O 12. e6 Nxc3 13. Qd4 Na4 14. exf7+ Kh8
15. Bxh6 Qe7+ 16. Be3 Bf5 17. Bb3 Nc5 18. Qxc5 Qxc5 19. Bxc5 Rxf7 20. Ne5 Rf6
21. O-O-O b6 22. Be7 Rh6 23. Nf7+ Kg8 24. Nxh6+ gxh6 25. d6+ Kg7 26. dxc7 Nc6
27. Bd5 Nb4 28. Bxa8 Nxa2+ 29. Kb2 Nb4 30. Bxb4 a5 31. Bc3+ Kg6 32. f3 a4 33.
Rd6+ 1-0

[Event "Challenge"]
[Site "http://www.queenalice.com/game.php?id=948153"]
[Date "2011.6.10"]
[Round "-"]
[White "gduarte"]
[Black "binTichoden"]
[Result "0-1"]
[WhiteElo "1501"]
[BlackElo "1482"]

1. e4 e5 2. d3 h6 3. a3 Nc6 4. Nf3 d6 5. h3 Nf6 6. Nc3 d5 7. Be2 Nd4 8. Nxe5 Bd6
9. Nf3 Nxf3+ 10. Bxf3 d4 11. Nb5 c5 12. Qe2 Be5 13. Bd2 a6 14. Nd6+ Qxd6 15.
O-O-O a5 16. Qe1 b5 17. Bxa5 b4 18. axb4 cxb4 19. Bxb4 Ra1+ 20. Kd2 Qxb4+ 21. c3
Qxb2# 0-1

[Event "Challenge"]
[Site "http://www.queenalice.com/game.php?id=950541"]
[Date "2011.6.16"]
[Round "-"]
[White "Caranca"]
[Black "gduarte"]
[Result "1-0"]
[WhiteElo "1316"]
[BlackElo "1484"]

1. e4 g6 2. f3 a6 3. d3 e5 4. a3 Bd6 5. Be3 Ne7 6. Bg5 Nbc6 7. Qd2 Nd4 8. c3 Ne6
9. Be3 Nc6 10. h4 Rg8 11. Nh3 Be7 12. Nf2 d6 13. Qe2 f5 14. Bd2 f4 15. Ng4 Bxh4+
16. Kd1 Na5 17. Nh6 Rg7 18. Be1 Bg5 19. Bf2 Nb3 20. Ra2 Bd7 21. Nf5 gxf5 22. Qc2
Ba4 23. Ke1 Nbc5 24. b3 Bxb3 25. Qd2 Bxa2 26. Qxa2 Qe7 27. Nd2 O-O-O 28. Bxc5
dxc5 29. exf5 Bh4+ 30. Kd1 Nf8 31. Nc4 Bf6 32. Qb3 b5 33. Na5 1-0

[Event "Challenge"]
[Site "http://www.queenalice.com/game.php?id=950542"]
[Date "2011.6.16"]
[Round "-"]
[White "Martial"]
[Black "gduarte"]
[Result "0-1"]
[WhiteElo "1499"]
[BlackElo "1486"]

1. e4 g6 2. d4 d6 3. Nf3 Bg4 4. h3 Bd7 5. Bc4 Nf6 6. Ng5 e6 7. d5 b5 8. Bb3 e5
9. O-O Be7 10. Qe2 Na6 11. Nc3 Nh5 12. h4 Qc8 13. Nxb5 h6 14. Nf3 O-O 15. Nxc7
Nxc7 16. Bxh6 Re8 17. a4 Rb8 18. a5 Bb5 19. c4 Bd7 20. c5 Bb5 21. Bc4 dxc5 22.
Nxe5 Bf6 23. Nc6 Bxc6 24. dxc6 Rxb2 25. Qf3 Rc2 26. g4 Bxa1 27. Qxf7+ Kh8 28.
Rxa1 Qxg4+ 29. Kh2 Qg3+ 30. Kh1 Rxf2 31. Rg1 Qh2# 0-1

[Event "Challenge"]
[Site "http://www.queenalice.com/game.php?id=950546"]
[Date "2011.6.16"]
[Round "-"]
[White "gduarte"]
[Black "Gaberade"]
[Result "1-0"]
[WhiteElo "1487"]
[BlackElo "1425"]

1. b3 d5 2. d4 Nc6 3. h3 Bf5 4. g4 Be4 5. f3 Bg6 6. Na3 Nb4 7. c3 Qd6 8. Qd2
Qg3+ 9. Kd1 c5 10. dxc5 Nc6 11. e3 Rd8 12. Nb5 a6 13. Nd4 Nxd4 14. exd4 Qxf3+
15. Nxf3 Nf6 16. Ne5 Ne4 17. Qf4 f6 18. Nd3 e5 19. dxe5 Nf2+ 20. Nxf2 Bxc5 21.
Nd3 b6 22. exf6 gxf6 23. Qxf6 Be4 24. Qe6+ Kf8 25. Bh6# 1-0

[Event "Challenge"]
[Site "http://www.queenalice.com/game.php?id=951030"]
[Date "2011.6.17"]
[Round "-"]
[White "tio_revas"]
[Black "gduarte"]
[Result "0-1"]
[WhiteElo "1573"]
[BlackElo "1476"]

1. e4 e5 2. Nf3 d6 3. Nc3 a6 4. Nd5 Nc6 5. d4 h6 6. Bd2 Be6 7. Qe2 Nb8 8. O-O-O
c6 9. Nb4 Nf6 10. b3 a5 11. Nd3 d5 12. exd5 Bxd5 13. Nfxe5 Be7 14. Nc5 Bxc5 15.
dxc5 O-O 16. f3 Re8 17. f4 Na6 18. Be3 Nc7 19. Kb1 Nb5 20. Qd2 Ne4 21. Bxb5
Nxd2+ 22. Rxd2 cxb5 23. f5 Rxe5 24. Re1 a4 25. h4 Qxh4 26. Rdd1 Qg3 27. Bd2 Rae8
28. c6 Rxe1 29. Bxe1 Rxe1 30. Rxe1 Qxe1+ 31. Kb2 b4 32. bxa4 Qc3+ 33. Kc1 Be4
34. Kd1 Qxc2+ 35. Ke1 Qxc6 0-1

[Event "Challenge"]
[Site "http://www.queenalice.com/game.php?id=951139"]
[Date "2011.6.17"]
[Round "-"]
[White "gduarte"]
[Black "lordmago"]
[Result "1-0"]
[WhiteElo "1494"]
[BlackElo "1605"]

1. e4 e5 2. a3 Nf6 3. Nc3 d6 4. Bb5+ Bd7 5. h3 Bxb5 6. d3 c6 7. a4 Ba6 8. b4 d5
9. b5 d4 10. Nce2 cxb5 11. a5 b6 12. axb6 Qxb6 13. Nf3 Nc6 14. O-O Be7 15. Bd2
O-O 16. Qe1 Rac8 17. Ba5 Qc5 18. Nh4 Qxc2 19. Bd2 Qxd3 20. Rxa6 Nxe4 21. Ra2
Bxh4 22. Nc1 Qc4 23. Qxe4 Nb4 24. Ra4 bxa4 25. Qxh4 Na2 26. Qg4 h6 27. Bxh6 g6
28. Re1 Rfe8 29. Qg5 Qc6 30. Nxa2 Qe6 31. Nc1 Rc6 32. Nd3 Qf6 33. f4 Qxg5 34.
Bxg5 e4 35. Ne5 Rb6 36. Nd7 Rd6 37. Nf6+ Rxf6 38. Bxf6 Re6 39. Bxd4 a6 40. Ra1
Rd6 41. Rxa4 f5 42. Be5 Rb6 43. Bd4 Rd6 44. Kf2 Kf7 45. Be5 Rc6 46. Kg3 Ke6 47.
Kh4 Rc2 48. Rxa6+ Kf7 49. g3 e3 50. Ra1 e2 51. Re1 Ke6 52. Kg5 Kf7 53. h4 Rd2
54. Kh6 Rd3 55. Rxe2 Rxg3 56. Rc2 Rg4 57. Rc7+ Ke6 58. Rg7 Rxh4+ 59. Kxg6 Rg4+
60. Kh6 Rxg7 61. Kxg7 Ke7 62. Bf6+ Ke6 63. Kg6 Kd7 64. Kxf5 Ke8 65. Ke6 Kf8 66.
f5 1-0

[Event "Challenge"]
[Site "http://www.queenalice.com/game.php?id=951144"]
[Date "2011.6.17"]
[Round "-"]
[White "fantasmino"]
[Black "gduarte"]
[Result "1-0"]
[WhiteElo "1295"]
[BlackElo "1500"]

1. e4 e5 2. Qh5 g6 3. Qxe5+ Qe7 4. Qxh8 Qxe4+ 5. Ne2 b6 6. Qxg8 Ba6 7. Qxh7 Nc6
8. d3 Bb4+ 9. Bd2 Qe5 10. c3 Bxd3 11. Qg8+ Ke7 12. Qxa8 Bc5 13. Bf4 Qe4 14. Nd2
Qa4 15. b3 Qa3 16. Nc1 Qb2 17. Nxd3 Qxa1+ 18. Ke2 Qxa2 19. Bxc7 Qc2 20. c4 f5
21. Ne5 Nd4+ 22. Ke3 Qc3+ 23. Bd3 Bb4 24. Qd8+ Ke6 25. Qg8+ Kf6 26. Qxg6+ Ke7
27. Qf7# 1-0

[Event "Challenge"]
[Site "http://www.queenalice.com/game.php?id=951145"]
[Date "2011.6.17"]
[Round "-"]
[White "gduarte"]
[Black "Paulo1210"]
[Result "1-0"]
[WhiteElo "1500"]
[BlackElo "1170"]

1. e4 e5 2. a3 Nc6 3. d3 Qf6 4. Be3 b6 5. Nc3 Bc5 6. Nd5 Qd6 7. Nf3 Nd4 8. Nh4
h6 9. c3 Nb3 10. Qxb3 Bb7 11. Nf5 Qg6 12. Nxc7+ Kd8 13. Nxa8 Bxa8 14. d4 Qe6 15.
Bc4 Qg6 16. dxc5 Qxg2 17. O-O-O Bxe4 18. Ng3 Qh3 19. c6 Bxc6 20. Rhe1 Ke7 21.
Qb4+ Kf6 22. Qd6+ 1-0

[Event "Challenge"]
[Site "http://www.queenalice.com/game.php?id=952941"]
[Date "2011.6.22"]
[Round "-"]
[White "gduarte"]
[Black "PitBullLoko"]
[Result "0-1"]
[WhiteElo "1503"]
[BlackElo "1394"]

1. e4 e5 2. Bc4 Nf6 3. Qf3 Bb4 4. a3 Ba5 5. Nh3 h6 6. g4 Nc6 7. c3 g5 8. d3 a6
9. Ng1 b5 10. Bb3 d6 11. Be3 Bxg4 12. Qg3 Nd4 13. Nd2 Nxb3 14. Nxb3 Bb6 15. f3
Be6 16. Nd2 Bxe3 17. O-O-O Bb3 18. Re1 Bxd2+ 19. Kxd2 Qe7 20. Nh3 O-O-O 21. Nf2
c5 22. c4 bxc4 23. dxc4 Bxc4 24. Rc1 d5 25. Rc3 dxe4+ 26. Kc1 Ba2 27. Qg1 Nd5
28. Rc2 e3 29. Ne4 c4 30. Nc3 Nxc3 31. Rxc3 Rd3 32. Qg2 Rxc3+ 33. bxc3 Qxa3+ 34.
Qb2 Qxb2+ 35. Kxb2 Bb3 36. Re1 Rd8 37. Rxe3 Rd3 38. Rxe5 Rxf3 39. Re8+ Kd7 40.
Re4 f5 41. Rd4+ Ke7 42. Rd5 h5 43. Ra5 h4 44. Rxa6 Rf2+ 45. Ka3 Rxh2 46. Ra7+
Ke6 47. Kb4 g4 48. Kc5 Ke5 49. Re7+ Kf4 50. Kd5 g3 51. Rf7 Re2 52. Rh7 Kg4 53.
Rg7+ Kh3 54. Rg5 f4 55. Rf5 g2 56. Rg5 f3 57. Rg4 Kxg4 0-1

[Event "Challenge"]
[Site "http://www.queenalice.com/game.php?id=954764"]
[Date "2011.6.28"]
[Round "-"]
[White "WAGNETTO"]
[Black "gduarte"]
[Result "1-0"]
[WhiteElo "1534"]
[BlackElo "1503"]

1. e4 e5 2. Nf3 d6 3. Bc4 h6 4. d3 Nf6 5. Nc3 Bg4 6. h3 Bxf3 7. Qxf3 Be7 8. Nd5
Nfd7 9. Ne3 f6 10. Qh5+ Kf8 11. Qf7# 1-0

[Event "Challenge"]
[Site "http://www.queenalice.com/game.php?id=955077"]
[Date "2011.6.29"]
[Round "-"]
[White "Martial"]
[Black "gduarte"]
[Result "1-0"]
[WhiteElo "1566"]
[BlackElo "1514"]

1. e4 e5 2. Nf3 d6 3. Nc3 a6 4. d4 f6 5. Bc4 Ne7 6. O-O Nd7 7. b3 g6 8. a4 f5 9.
Ng5 Nf6 10. Bf7+ Kd7 11. Ne6 Qe8 12. Bxe8+ Kxe8 13. Nxf8 Kxf8 14. Bh6+ Ke8 15.
Nd5 Nfxd5 16. exd5 e4 17. c4 Ng8 18. Bg7 Bd7 19. Bxh8 Kf7 20. c5 Ne7 21. c6 bxc6
22. Qc2 Rxh8 23. dxc6 Nxc6 24. Qc4+ Ke8 25. d5 Na5 26. Qxa6 Nxb3 27. Qa8+ Ke7
28. Qxh8 f4 29. Qxh7+ Kd8 30. Qxg6 Nd2 31. Rfd1 Nc4 32. a5 e3 33. a6 1-0

[Event "Challenge"]
[Site "http://www.queenalice.com/game.php?id=955672"]
[Date "2011.7.1"]
[Round "-"]
[White "WAGNETTO"]
[Black "gduarte"]
[Result "1-0"]
[WhiteElo "1566"]
[BlackElo "1500"]

1. e4 e5 2. Nf3 d6 3. Bc4 Nf6 4. Ng5 Qe7 5. Nxf7 Rg8 6. Ng5 h6 7. Bf7+ Kd8 8.
Bxg8 hxg5 9. Bc4 Nc6 10. Nc3 Nd4 11. d3 g4 12. Nd5 Qe8 13. Bg5 a6 14. c3 Ne6 15.
Bxf6+ gxf6 16. Nxf6 Qf7 17. Nxg4 b5 18. Bd5 Ra7 19. d4 Qg6 20. O-O Ng5 21. dxe5
Nxe4 22. exd6 cxd6 23. Qd4 Nc5 24. Qh8 Ke7 25. Qh4+ Kd7 26. Nf6+ Kc7 27. Be4 Bf5
28. Nd5+ Kc8 29. Bxf5+ Qxf5 30. Nb6+ Kc7 31. Qh3 Qf6 32. Nd5+ Kb7 33. Nxf6 Bg7
34. b4 Na4 35. Qd7+ 1-0

[Event "Challenge"]
[Site "http://www.queenalice.com/game.php?id=956996"]
[Date "2011.7.5"]
[Round "-"]
[White "acandidojr"]
[Black "gduarte"]
[Result "1-0"]
[WhiteElo "1605"]
[BlackElo "1487"]

1. e4 e5 2. Nf3 f6 3. Nc3 a6 4. Bc4 Nh6 5. d4 d6 6. Bxh6 gxh6 7. d5 Nd7 8. Nh4
Nb6 9. Qh5+ Ke7 10. b3 Bd7 11. O-O Rg8 12. Qf3 Bg4 13. Qe3 Qd7 14. h3 Bxh3 15.
Qf3 Ke8 16. Qh5+ Kd8 17. Rfe1 Be7 18. g3 Bf8 19. Qf3 Be7 20. Kh2 Bg4 21. Qe3 c6
22. dxc6 Qxc6 23. Bd5 Qd7 24. Qxb6+ Ke8 25. Bxg8 Bd8 26. Qe3 Ba5 27. Nd5 Qd8 28.
b4 Bc7 29. Qxh6 Kd7 30. Nxf6+ Kc8 31. Qxh7 Qxf6 32. Kg2 Kb8 33. Qg6 Qxg6 34.
Nxg6 Ka7 35. Bd5 Bd8 36. a4 Bh5 37. Nf8 Be7 38. Ne6 Rc8 39. c4 Bf8 40. Nxf8 Rxf8
41. Re3 Kb8 42. Rh1 Bg4 43. Rh6 Kc7 44. Rc3 1-0

[Event "Challenge"]
[Site "http://www.queenalice.com/game.php?id=961943"]
[Date "2011.7.18"]
[Round "-"]
[White "WAGNETTO"]
[Black "gduarte"]
[Result "1-0"]
[WhiteElo "1562"]
[BlackElo "1500"]

1. e4 e6 2. Nf3 h6 3. Bc4 d5 4. exd5 exd5 5. Bb5+ c6 6. Ba4 Nf6 7. Nc3 d4 8. Nb1
Bc5 9. d3 O-O 10. c3 Re8+ 11. Kf1 Re7 12. cxd4 Bxd4 13. Nxd4 Qxd4 14. Be3 Qe5
15. d4 Qd5 16. Nc3 Qf5 17. Bc2 Qd7 18. Qd3 b6 19. Re1 a5 20. Na4 Ba6 21. Nxb6
Bxd3+ 22. Bxd3 Qb7 23. Nxa8 Qxa8 24. Bf4 Nd5 25. Bd6 Rxe1+ 26. Kxe1 Nd7 27. Kd2
a4 28. Re1 Qb8 29. Bxb8 N7f6 30. Rc1 Nb4 31. a3 Nbd5 32. Rxc6 Ne7 33. Ra6 Ng4
34. Ra8 f6 35. Bd6+ Kf7 36. Bc4+ Kg6 37. Bxe7 Nxf2 38. d5 1-0